| 000 | 01053nam a2200217 i 4500 | ||
|---|---|---|---|
| 001 | 170625 | ||
| 003 | ES-MaACL | ||
| 005 | 20250824072541.0 | ||
| 008 | 090325s1927 ag |||| | spa d | ||
| 080 | _a821.134.2 (82)-2"18" | ||
| 100 | 1 |
_aMitre, Bartolomé. _981705 |
|
| 245 | 1 | 0 |
_aCuatro épocas _b: drama en cinco actos en prosa y verso / _cpor Bartolomé Mitre ; [noticia de B. Ventura Pessolano]. |
| 260 |
_aBuenos Aires : _b[s.n.], _c1927 ( _fImp. de la Universidad) |
||
| 300 |
_a3 h., p. 130-250 ; _c23 cm. |
||
| 490 | 1 |
_aSección de documentos. Primera serie. T. IV: Teatro en verso / Facultad de Filosofía y Letras de la Universidad de Buenos Aires, Instituto de Literatura Argentina ; _v4 |
|
| 700 | 1 |
_aVentura Pessolano, B. _9152228 |
|
| 710 | 2 |
_aUniversidad de Buenos Aires. _bInstituto de Literatura Argentina. _9139614 |
|
| 830 | 0 | 0 |
_aSección de documentos. _pPrimera serie. _pTeatro en verso (Instituto de Literatura Argentina) _v4 _9188931 |
| 852 |
_aC-6630(5) _z- Enc. en un vol. facticio |
||
| 999 |
_c170625 _d170625 |
||